000 00675cam a2200217 4500
001 WB3612-29
008 000000n2000 000 0 eng u
035 _a(Sirsi) u105003
245 _aOrganic crop prices race ahead
260 _c2000
490 _aFinancial Times
_v 23 March 2000, 46(1)
520 _aLooks at the demand for organic produce, which has pushed farm prices for organic crops in the UK to three times those for conventional crops. Graphs.
590 _aWB
650 _aORGANIC CROPS
650 _aUNITED KINGDOM
650 _aFARM PRICES
650 _aSUPPLY AND DEMAND
650 _aSOIL ASSOCIATION
690 _aRURAL-MARKET
942 _n0
999 _c62978
_d62978